| 000 | 01212nam a22003617a 4500 | ||
|---|---|---|---|
| 999 |
_c281 _d281 |
||
| 001 | 000543 | ||
| 003 | CoMeUDC000543 | ||
| 005 | 20181130171746.0 | ||
| 008 | 130821s1998 ck a gr spa | ||
| 020 | _a9586650146 | ||
| 040 |
_aCo-BoUCM _bspa _cCoMeUDC |
||
| 041 | 0 | 0 | _aspa |
| 082 | 0 | 4 |
_a330.1 _220 _bB213 |
| 110 | 2 | _aBanco de la República | |
| 245 | 1 | 0 |
_aIntroducción al análisis económico el caso Colombiano / _cBanco de la República. |
| 250 | _a2a ed. actualizada | ||
| 260 |
_aBogotá (Colombia) _bSiglo del Hombre Editores _c1998 |
||
| 300 |
_a404 páginas _bgráficas |
||
| 490 | 0 | _aEconomía | |
| 504 | _aIncluye bibliografía, siglas e índice general. | ||
| 650 | 0 | 4 |
_aComercio exterior _zColombia _911201 |
| 650 | 0 | 4 |
_aComercio _911192 |
| 650 | 0 | 4 |
_aEconomía _9174 |
| 650 | 0 | 4 |
_aIndicadores económicos _zColombia _917308 |
| 650 | 0 | 4 |
_aMicroeconomía _919488 |
| 650 | 0 | 4 |
_aMoneda _zColombia _919708 |
| 650 | 0 | 4 |
_aPrecios _zColombia _922165 |
| 650 | 0 | 4 |
_aSector público _zColombia _924059 |
| 650 | 0 | 4 |
_aSistemas económicos _924652 |
| 650 | 0 | 4 |
_aTeoría económica _925318 |
| 651 | 4 |
_aColombia _xPolítica económica _926606 |
|
| 942 |
_cBK _a7 _e2 _mC65 _2ddc _h330.1 |
||